| 000 | 00629nam a2200217 a 4500 | ||
|---|---|---|---|
| 001 | 000034241 | ||
| 003 | DO-SdBNP | ||
| 005 | 20240412074257.0 | ||
| 008 | 091001s1993 dr ac 000 p spa d | ||
| 040 |
_aDO-SdBNP _bspa _cBNPHU |
||
| 082 |
_aRD861.44 _bB171c, 1993 |
||
| 245 | 1 | 0 |
_aLa cruz de cristal / _cJoaquín Balaguer. |
| 250 | _a2a ed. | ||
| 260 |
_aSanto Domingo : _bCorripio , _c1993. |
||
| 300 |
_a279 p. : _bil., retrs. ; _c26 cm. |
||
| 590 | _aInventariado, 2018/LP | ||
| 650 | 1 | 4 |
_aPoesía dominicana _966 |
| 650 | 1 | 0 |
_aLiteratura dominicana. _967 |
| 910 | _aValidado. Control de calidad MFF | ||
| 942 |
_2ddc _cLBS1 |
||
| 999 |
_c33732 _d33732 |
||